১৩৫০ / (Record no. 36790)
[ view plain ]
| 000 -LEADER | |
|---|---|
| fixed length control field | 01009nam a2200241 a 4500 |
| 001 - CONTROL NUMBER | |
| control field | 36790 |
| 003 - CONTROL NUMBER IDENTIFIER | |
| rucl marc code | BD-RjUL |
| 005 - DATE AND TIME OF LATEST TRANSACTION | |
| control field | 20211209052536.0 |
| 008 - FIXED-LENGTH DATA ELEMENTS--GENERAL INFORMATION | |
| fixed length control field | 140904s1944 ii ||||e |||| 00| 0 ben d |
| 020 ## - INTERNATIONAL STANDARD BOOK NUMBER | |
| Terms of availability | PRs. 2.50 |
| 035 ## - SYSTEM CONTROL NUMBER | |
| System control number | (BD-RjUL)36892 |
| 040 ## - CATALOGING SOURCE | |
| Original cataloging agency | BD-RjUL |
| Language of cataloging | ben |
| Transcribing agency | BD-RjUL |
| 041 ## - LANGUAGE CODE | |
| Language code of text/sound track or separate title | ben |
| 082 ## - DEWEY DECIMAL CLASSIFICATION NUMBER | |
| Edition number | 23 |
| Classification number | 891.44301 |
| Author mark and year | BAT 1944 |
| 100 ## - MAIN ENTRY--PERSONAL NAME | |
| Personal name | বন্দ্যোপাধ্যায়, তারাশঙ্কর |
| 9 (RLIN) | 112225 |
| 245 10 - TITLE STATEMENT | |
| Title | ১৩৫০ / |
| Statement of responsibility, etc. | তারাশঙ্কর বন্দ্যোপাধ্যায় |
| 260 ## - PUBLICATION, DISTRIBUTION, ETC. (IMPRINT) | |
| Place of publication, distribution, etc. | কলিকাতা : |
| Name of publisher, distributor, etc. | রঞ্জন পাবলিশিং হাউস, |
| Date of publication, distribution, etc. | ১৯৪৪ [১৩৫১]. |
| 300 ## - PHYSICAL DESCRIPTION | |
| Pagination | [৪], ১২৮ পৃ. ; |
| Size | ১৮ সেমি. |
| 600 ## - SUBJECT ADDED ENTRY--PERSONAL NAME | |
| General subdivision | |
| 650 ## - SUBJECT ADDED ENTRY--TOPICAL TERM | |
| Topical term or geographic name as entry element | বাংলা উপন্যাস |
| 9 (RLIN) | 111928 |
| Topical term or geographic name as entry element | Bengali Fiction |
| 9 (RLIN) | 112169 |
| 942 ## - ADDED ENTRY ELEMENTS (KOHA) | |
| Source of classification or shelving scheme | Dewey Decimal Classification |
| Koha item type | Books |
| Lost status | Source of classification or shelving scheme | Damaged status | Not for loan | Collection code | Permanent Location | Current Location | Shelving location | Date acquired | Source of acquisition | Cost, normal purchase price | Total Checkouts | Full call number | Date last seen | Copy number | Koha item type |
|---|---|---|---|---|---|---|---|---|---|---|---|---|---|---|---|
| Dewey Decimal Classification | Not For Loan | Fiction | Central Library, University of Rajshahi | Central Library, University of Rajshahi | Reading Room | 30/01/1958 | Komala book | 2.50 | B 891.44301 BAT 1944 | 04/09/2014 | C-1 | Books |